Stations du métro parisien - Mort subite - Statistiques

Statistiques générales
  • Ce quiz a été pris 55 856 fois
    51 187 depuis la dernière actualisation
  • Le résultat moyen est 9 sur 20
Answers on the Grid
Answers color-coded by a green-red scale on the quiz's grid according to % correct below.
Alsace-Lorraine
Gare de l'Ouest
Bâton-Rouge
Berlinois
Cadillac
Dassault
Georges Pompidou
Isle-sur-Seine
Jacques Chirac
Loizet
Drapeau
Rhin-Rhône
Rue de Bellcourt
Soie-Marnay
Tanger
Verdun
Alésia
Anvers
Bonne-Nouvelle
Concorde
Couronnes
George V
Jussieu
La Muette
Les Gobelins
Madeleine
Oberkampf
Odéon
Opéra
Ourcq
Plaisance
Pointe du Lac
Poissonnière
Saint-Paul
Sentier
Stalingrad
 
Statistiques - réponses
Réponse % Correct
Opéra
69%
Concorde
63%
Stalingrad
63%
Madeleine
57%
Oberkampf
57%
Odéon
57%
Bonne-Nouvelle
53%
Alésia
52%
George V
50%
Jussieu
47%
Les Gobelins
45%
Poissonnière
43%
Anvers
37%
Saint-Paul
37%
La Muette
36%
Sentier
35%
Ourcq
34%
Plaisance
32%
Couronnes
28%
Pointe du Lac
27%
Aucun quiz correspondant
Distribution des résultats
% des personnes avec chaque résultat
Percentile par nombre de réponses
Votre historique - résultats
Vous n’avez pas pris ce quiz depuis la dernière actualisation